Statistics for U.S. Government Quiz

Click here to take the quiz!

General Stats

  • This quiz has been taken 2,287 times
  • The average score is 18 of 20

Answer Stats

Fill in the blanks! % Correct
Congress consists of {two} houses.
100%
The federal government is divided into {three} branches.
100%
The US President's term of office is {four} years.
99%
A US Senator's term of office is {six} years.
99%
The US capital is located at {Washington, D.C.}.
96%
The US President's residence is called the {White House}.
95%
The basic unit of US currency is called the {dollar}.
95%
There are {nine} justices on the Supreme Court.
95%
The US President must be at least {35} years old.
93%
The governing document of the U.S. is the {Constitution}
93%
The US election day is the {first} Tuesday in November.
91%
The first American president was {George Washington}.
91%
The Declaration of Independence was signed July 4, {1776}.
90%
There are {100} members of the US Senate.
88%
{Republicans} are one of the major US political parties.
86%
{Democrats} are the other major US political party.
86%
The US military headquarters is called the {Pentagon}.
85%
The United States is a former colony of {Great Britain}.
84%
The Vice President presides over the {US Senate}
80%
There are {435} members of the US House of Representatives.
56%

Score Distribution

Percentile by Number Answered

Percent of People with Each Score

Your Score History

You have not taken this quiz